000 00761nam a2200217Ii 4500
003 JO-AjNU
008 230605s9999||||xx |||||||||||||| ||und||
017 _a2009/4/2148
040 _aJO-AjNU
_bara
_erda
_cJO-AjNU
041 _aara
050 1 4 _aCB151.M85.2009
100 3 _aمجموعة باحثيين,
_eauthor
_948626
245 0 0 _aملتقى عمان الثقافي الثاني عشر: اوراق الملتقى2008
264 3 1 _aعمان: وزارة الثقافة، 2009
300 _a335ص
336 _atext
_btxt
_2rdacontent
337 _aunmediated
_bn
_2rdamedia
338 _avolume
_bnc
_2rdacarrier
490 0 _aسلسلة كتاب الشهر؛ (139)
650 4 _aالثقافة العربية -الثقافة الاسلامية
_948627
999 _aA21308
_c24876
_d24876